Acronyms by letter - J - Statistics

General Stats
  • This quiz has been taken 30 times
  • The average score is 2 of 5
Answer Stats
% Correct
JK Just Kidding
96%
JS Just Saying
28%
JD Jack Daniels
24%
JPEG Joint Photographic Experts Group
16%
JCR Junior Common Room
12%
No matching quizzes found
Score Distribution
Percent of People with Each Score
Percentile by Number Answered
Your Score History
You have not taken this quiz